Qui a remporté ces courses de Formule 1 ? - Statistiques

Statistiques générales
  • Ce quiz a été pris 344 fois
  • Le résultat moyen est 11 sur 28
Statistiques - réponses
Question Réponse % Correct
Hongrie 2021 Esteban Ocon
88%
Espagne 2020 Lewis Hamilton
74%
Monza 2021 Daniel Ricciardo
72%
Autriche 2022 Charles Leclerc
67%
Imola 2021 Max Verstappen
60%
Brésil 2008 Felipe Massa
59%
Canada 2019 Lewis Hamilton
55%
Singapour 2019 Sebastian Vettel
53%
Austin 2018 Kimi Raikkonen
50%
Malaisie 2013 Sebastian Vettel
48%
Singapour 2014 Lewis Hamilton
47%
Monaco 2015 Nico Rosberg
47%
Abou Dabi 2016 Lewis Hamilton
45%
Mexique 2017 Max Verstappen
34%
Bahreïn 2004 Michael Schumacher
33%
Belgique 2000 Mika Hakkinen
33%
Hongrie 2008 Heikki Kovalainen
31%
Espagne 2012 Pastor Maldonado
29%
Japon 2019 Valtteri Bottas
28%
Monza 2009 Rubens Barrichello
26%
Brésil 2012 Jenson Button
24%
Monaco 2005 Kimi Raikkonen
24%
Chine 2012 Nico Rosberg
24%
Monza 2001 Juan Pablo Montoya
21%
Silverstone 2010 Mark Webber
21%
Valence 2008 Felipe Massa
19%
Brésil 2003 Giancarlo Fisichella
19%
Malaisie 2002 Ralf Schumacher
14%
Aucun quiz correspondant
Distribution des résultats
% des personnes avec chaque résultat
Percentile par nombre de réponses
Votre historique - résultats
Vous n’avez pas pris ce quiz